Statystyki dla Największe miasta w Turcji

Kliknij tutaj aby rozwiązać quiz!

Ogólne statystyki

  • Ten quiz został rozwiązany 358 razy
  • Średni wynik to 6 z 10

Statystyki odpowiedzi

Liczba ludnościMiasta% Poprawnych
4 417 000Ankara
98%
13 522 000Stambuł
98%
2 803 000Izmir
75%
994 000Antalya
69%
1 734 000Bursa
56%
1 107 000Konya
47%
1 628 000Adana
41%
1 421 000Gaziantep
34%
876 000Mersin
27%
892 000Diyarbakır
10%

Rozkład punktacji

Percentyl według liczby udzielonych odpowiedzi

Procent ludzi z każdym wynikiem

Twoja historia wyników

Nie rozwiązałeś tego quizu